00449nam a2200169Ia 450000500170000000800410001702000180005804100080007608200160008410000160010024500280011626000520014430000090019650000300020565000280023570000160026320230426072114.0230125s9999 xx 000 0 und d a81-89535-51-X aeng a920.71bYOG aYogananda P aAutobiography of A Yogi c2012bYogoda Satsanga Society of IndiaaKolkata a508p aBiography;Biography-Men  aBiography;Biography-Men aYogananda P